000 00697nam a2200217 u 4500
005 20240316063859.0
008 080508s2003 es r 000 0 spa d
020 _a8495333457
035 _aUPN01000155821
049 _aI
050 4 _aPZ71
_bN4.6
100 1 _aNesquens, Daniel,
_d1967-
_931792
245 1 0 _aOperación J /
_cDaniel Nesquens ; il. Alberto Gamón.
260 _aValencia, Esp. :
_bDiálogo,
_c2003.
300 _a[27] p. :
_bprincipalmente il. col.
440 0 _aDiálogo infantil ;
_v1.
_pLibros muy ilustrados
650 4 _aCuentos infantiles
_96744
650 2 _aCuentos de aventuras
_99134
700 1 _aGamón Carranza , Alberto,
_d1974-
_eil.
_931793
905 _aInfantil
999 _c127935
_d127935